000
00309nam a22001337a 4500
008
171013b xxu||||| |||| 00| 0 eng d
020
_a
2901412956559
041
_a
eng
080
_a
316
100
_a
51
101
_a
SOC
245
_a
AN INVITATION TO ENVIRONMENTAL SOCIOLOGY
_c
BELL, M.M
942
_2
udc
_c
BK
999
_c
33807
_d
33807